| 000 | 00687nam a2200241 a 4500 | ||
|---|---|---|---|
| 005 | 20210219152907.0 | ||
| 008 | 991125n 000 0 eng u | ||
| 035 | _aUPN01000065983 | ||
| 100 | _aStahl, Abraham | ||
| 222 | _aEDUCATION AND TRAINING IN MENTAL RETARDATION | ||
| 245 | _aBeliefs of Jewish-Oriental mothers regarding children who are mentally retarded | ||
| 300 | _a361-369 | ||
| 362 | _a1991 26, No. 4 | ||
| 505 | _aJunio 1992 | ||
| 653 | 0 | _aACTITUD DE LOS PADRES | |
| 653 | 0 | _aCIVILIZACION NO OCCIDENTAL | |
| 653 | 0 | _aDIFERENCIAS CULTURALES | |
| 653 | 0 | _aJUDIOS | |
| 653 | 0 | _aMADRES | |
| 653 | 0 | _aRETRASO MENTAL | |
| 904 |
_aAC _b003794 |
||
| 905 | _aArticulo | ||
| 999 |
_c63238 _d63238 |
||